000
00301nam a22001337a 4500
008
181102b xxu||||| |||| 00| 0 eng d
020
_a
9780316203975
041
_a
eng
080
_a
616.34
100
_a
9
101
_a
GAS
245
_a
Manual of Gastroenterology
_c
Eastwood, G.L
942
_2
udc
_c
BK
999
_c
51617
_d
51617